000 01142cab a22002535a 4500
001 L160016
008 150113e2016 xxk 000 0 eng d
035 _a(Sirsi) u160016
041 0 _aeng
050 _a725.54
100 1 _aWest, Simon
245 0 0 _aSignificant oversights
_h[electronic resource]
260 _aLondon
_bRICS
_c2016
490 _aRICS Building Surveying Journal
_vMay 2016 - June 2016, 10(1)
520 _aIdentifies ten often overlooked items in new developments that can dramatically affect ease of access and use.
650 2 4 _aINCLUSIVE DESIGN
650 2 4 _aBUILDING REGULATIONS 2010 APPROVED DOCUMENT K (2013 EDITION)
650 2 4 _aBUILDING REGULATIONS 2010 APPROVED DOCUMENT M (2015 EDITION)
650 2 4 _aACCESSIBLE BUILDINGS
690 _aMANAGEMENT-BUSINESS MANAGEMENT-DISCRIMINATION-DISABILITY DISCRIMINATION-ACCESSIBILITY
856 4 0 _uhttps://www.rics.org/Global/BSJ-BCJ%20May-June%202016%20Interactive.pdf
_zView the article free of charge at www.rics.org...
856 4 0 _uhttps://www.rics.org/Global/BSJ-BCJ%20May-June%202016%20Interactive.pdf
_yAvailable free online via Issuu
942 _n0
_2ddc
999 _c85131
_d85131